Política exterior y toma de decisiones en América Latina
Saved in:
| Hovedforfatter: | |
|---|---|
| Format: | Bog |
| Sprog: | spansk |
| Udgivet: |
Buenos Aires
Programa Rial
1990
|
| Serier: | Colección Estudios Internacionales
|
| Fag: | |
| Tags: |
Tilføj Tag
Ingen Tags, Vær først til at tagge denne postø!
|
MARC
| LEADER | 00000nam a2200000 a 4500 | ||
|---|---|---|---|
| 001 | UCO8407 | ||
| 003 | CL-VaPUC | ||
| 008 | 001207e19900000AG |||||||||||||||||spa|d | ||
| 082 | 0 | 4 | |a 327.8 |b RUS |2 21 |
| 100 | 0 | |a Russell, Roberto |e author |9 453334 | |
| 245 | 1 | 0 | |a Política exterior y toma de decisiones en América Latina |
| 300 | |a 274 p | ||
| 942 | |c BK | ||
| 945 | |d 20001207 00:00:00 |a vberengu | ||
| 260 | |a Buenos Aires |b Programa Rial |c 1990 | ||
| 650 | 7 | |a POLITICA DE DESARROLLO |2 CL-VaPUC |9 335853 | |
| 650 | 0 | |a Relaciones Exteriores |9 255379 | |
| 650 | 0 | |a Toma de decisiones |9 257530 | |
| 651 | 0 | |a Argentina |9 254888 | |
| 651 | 0 | |a Brasil |9 267393 | |
| 651 | 7 | |a CHILE |2 CL-VaPUC |9 453335 | |
| 651 | 7 | |a CUBA |2 CL-VaPUC |9 255263 | |
| 651 | 0 | |a México |9 255269 | |
| 583 | |a last modification |c 20001207 00:00:00 |k Rodrigo Vera | ||
| 490 | 0 | |a Colección Estudios Internacionales | |
| 999 | |c 293072 |d 293070 | ||
| 952 | |0 0 |1 0 |4 0 |6 327_800000000000000_RUS_1990 |7 0 |8 A |9 344246 |a BIBGIM |b BIBGIM |d 2019-11-20 |i 3613984 |o 327.8 RUS 1990 |p 3613984 |r 2025-01-15 |w 2019-11-20 |y BK |k ORI | ||